| 000 | 00477nam a22001817a 4500 | ||
|---|---|---|---|
| 005 | 20260423150640.0 | ||
| 008 | 260423b |||||||| |||| 00| 0 eng d | ||
| 020 |
_a9789385998737 _c495.00 |
||
| 040 | _aMAIN | ||
| 041 | _aEnglish | ||
| 082 |
_a537.623 _bTIN |
||
| 100 |
_aTinkham, Michael _926710 |
||
| 245 | _aIntroduction to Superconductivity | ||
| 260 |
_aNew Delhi _bMedTech Science Press _c2026 |
||
| 300 | _a296 | ||
| 650 |
_aPhysics (PM USHA) _926699 |
||
| 942 | _cBK | ||
| 999 |
_c60707 _d60707 |
||